000 01035nam a2200265 a 4500
001 40502
003 BD-RjUL
005 20211209053229.0
008 160503s1974 bg ||||| |||| 00| 0 ben d
020 _cTk. 7.00
035 _a(BD-RjUL)40617
040 _aBD-RjUL
_bben
_cBD-RjUL
041 _aben
082 _223
_a192
_bBUM 1974
100 _aবার্কলি, জর্জ
_9124725
245 1 0 _aমানুষের জ্ঞানসূত্র /
_cজর্জ বার্কলি ; আবদুল মতীন অনূদিত
260 _aঢাকা :
_bবাংলা একাডেমী,
_c১৯৭৪
300 _a[৮], ১০৬ পৃ. ;
_c২০ সেমি.
490 _aবা. এ. ;
_v৬০৮
500 _aপরিভাষা ও শুদ্ধিপত্র সংযুক্ত
650 _aKnowledge, Theory of
_9118316
650 _aজ্ঞান, তত্ত্ব
_9169193
700 _aমতীন, আবদুল, অনুবাদক
_9124728
942 _2ddc
_cBK
999 _c40502
_d40502